[Event "AUTO-INT-2783"]
[Site "http://www.queenalice.com/game.php?id=1271925"]
[Date "2014.4.10"]
[Round "2"]
[White "Marcelo_Smilov"]
[Black "voodoozebra"]
[Result "0-1"]
[WhiteElo "2093"]
[BlackElo "1708"]

1. d4 d5 2. c4 b6 3. Nc3 Nf6 4. Nf3 Bb7 5. Bf4 c5 6. dxc5 bxc5 7. e3 e6 8. cxd5
Nxd5 9. Nxd5 Bxd5 10. Be2 Qa5+ 11. Qd2 Nc6 12. O-O Be7 13. a3 O-O 14. Qxa5 Nxa5
15. Rac1 Rac8 16. Rfd1 Bf6 17. Rd2 Nb3 18. Rcd1 Nxd2 19. Rxd2 Bxf3 20. Bxf3 c4
21. Rd7 Bxb2 22. Rxa7 e5 23. Rb7 Rb8 0-1

[Event "AUTO-ADV-3182"]
[Site "http://www.queenalice.com/game.php?id=1292314"]
[Date "2014.7.4"]
[Round "1"]
[White "ORNELAS"]
[Black "voodoozebra"]
[Result "1-0"]
[WhiteElo "1632"]
[BlackElo "1740"]

1. e4 e6 2. e5 c5 3. Nf3 Nc6 4. c3 Be7 5. Bb5 Qc7 6. O-O Nxe5 7. Nxe5 Qxe5 8. d3
a6 9. Bc4 b5 10. Qg4 bxc4 11. Bf4 Nh6 12. Qg3 Qe2 13. Qxg7 Rg8 14. Qxh6 Qf3 15.
Bg3 Bb7 16. gxf3 1-0

[Event "AUTO-ADV-3182"]
[Site "http://www.queenalice.com/game.php?id=1292315"]
[Date "2014.7.4"]
[Round "1"]
[White "voodoozebra"]
[Black "ORNELAS"]
[Result "1-0"]
[WhiteElo "1739"]
[BlackElo "1635"]

1. e4 d5 2. d3 dxe4 3. d4 e6 4. Qh5 Nf6 5. Qb5+ Nc6 6. Bg5 Be7 7. Nc3 a6 8. Qa4
O-O 9. Bxf6 Bxf6 10. Nxe4 Nxd4 11. O-O-O e5 12. Nf3 Bd7 13. Qb4 b6 14. Nxd4 exd4
15. Nxf6+ Qxf6 16. Qxd4 Be6 17. Qxf6 gxf6 18. Be2 Bxa2 19. b3 c5 20. Kb2 Bxb3
21. cxb3 Rfe8 22. Rhe1 Re4 23. Bf3 Rxe1 24. Rxe1 Rd8 25. Kc2 b5 26. Rd1 Rxd1 27.
Bxd1 b4 28. Kd3 Kg7 29. Kc4 f5 30. f4 h5 31. Bxh5 a5 32. Bd1 Kf6 33. Kxc5 Ke6
34. h4 Kd7 35. Kb5 a4 36. bxa4 b3 37. Bxb3 f6 38. Kb6 Kd6 39. a5 Ke7 40. a6 Kf8
41. a7 Kg7 42. a8=Q Kg6 43. Qb7 Kh5 44. g3 Kg4 45. Qg7+ Kh3 46. h5 Kg2 47. h6
Kf3 48. h7 Kg2 49. h8=Q Kf3 50. Qh2 Ke3 51. Qe7+ Kf3 52. Bd1# 1-0

[Event "AUTO-ADV-3182"]
[Site "http://www.queenalice.com/game.php?id=1292326"]
[Date "2014.7.4"]
[Round "1"]
[White "vasyl_puzanov"]
[Black "voodoozebra"]
[Result "1-0"]
[WhiteElo "2013"]
[BlackElo "1765"]

1. d4 d5 2. c4 Nf6 3. cxd5 Nxd5 4. e4 Nf6 5. Nc3 e6 6. Bg5 Be7 7. Nf3 c6 8. Be2
O-O 9. e5 Nd5 10. Bxe7 Qxe7 11. O-O Nd7 12. Bd3 b5 13. Nxd5 exd5 14. Qc2 Bb7 15.
Bxh7+ Kh8 16. Bf5 g6 17. Bxd7 Qxd7 18. Rfe1 Qg4 19. e6 fxe6 20. Ne5 1-0

[Event "AUTO-ADV-3182"]
[Site "http://www.queenalice.com/game.php?id=1292327"]
[Date "2014.7.4"]
[Round "1"]
[White "voodoozebra"]
[Black "vasyl_puzanov"]
[Result "0-1"]
[WhiteElo "1772"]
[BlackElo "2006"]

1. e4 e5 2. Nf3 Nc6 3. Bb5 a6 4. Bxc6 dxc6 5. Nxe5 Qd4 6. Nf3 Qxe4+ 7. Qe2 Qxe2+
8. Kxe2 Bg4 9. Re1 O-O-O 10. Kf1 Bxf3 11. gxf3 Nh6 12. d3 Nf5 13. Bg5 f6 14. Bd2
Nd4 15. Na3 Bxa3 16. Re4 Bxb2 17. Rae1 Nxc2 18. R1e2 Nd4 19. R2e3 Nf5 20. Re1
Rxd3 0-1

[Event "AUTO-ADV-3182"]
[Site "http://www.queenalice.com/game.php?id=1292334"]
[Date "2014.7.4"]
[Round "1"]
[White "voodoozebra"]
[Black "Nille"]
[Result "1-0"]
[WhiteElo "1751"]
[BlackElo "1829"]

1. e4 e5 2. Nf3 d6 3. Bc4 h6 4. O-O Nf6 5. Nc3 Be7 6. h3 Nc6 7. d3 Be6 8. Bxe6
fxe6 9. Nh4 d5 10. Ng6 Rg8 11. f4 d4 12. Ne2 exf4 13. Bxf4 Nh5 14. c3 Nxf4 15.
Nexf4 e5 16. Ne6 Qd6 17. Qg4 Bf6 18. Nxc7+ Qxc7 19. Qe6+ Ne7 20. Nxe7 Qxe7 21.
Qxg8+ Qf8 22. Qd5 Rb8 23. c4 Qe7 24. a3 Kf8 25. b4 a6 26. c5 Rd8 27. Qa2 Qf7 28.
Qxf7+ Kxf7 29. Rf3 Ke6 30. Raf1 a5 31. bxa5 Ra8 32. Rb1 Rxa5 33. Rxb7 Rxa3 34.
g4 Rc3 35. Rb5 Kd7 36. Rf1 Kc6 37. Ra5 Rxc5 38. Rxc5+ Kxc5 39. Rc1+ Kb4 40. Kg2
Kb3 41. Kg3 Kb2 42. Rc8 Kb3 43. h4 g5 44. hxg5 Bxg5 45. Kf3 Kb4 46. Ke2 Kb5 47.
Kd1 Kb6 48. Kc2 Kb7 49. Re8 Bf4 50. Kb3 Kc7 51. Kc4 Kd7 52. Ra8 Ke7 53. Ra6 Kf7
54. Kd5 Kg7 55. Re6 Kf7 56. Rxe5 Kg6 57. Rf5 Be3 58. e5 1-0

[Event "AUTO-ADV-3182"]
[Site "http://www.queenalice.com/game.php?id=1292335"]
[Date "2014.7.4"]
[Round "1"]
[White "Nille"]
[Black "voodoozebra"]
[Result "0-1"]
[WhiteElo "1791"]
[BlackElo "1720"]

1. e4 e6 2. Nf3 Bc5 3. Bc4 c6 4. Nc3 b5 5. Bb3 Nf6 6. h3 Ba6 7. d3 d5 8. O-O O-O
9. e5 Nfd7 10. d4 Bb6 11. Bg5 f6 12. exf6 Nxf6 13. Qe2 Qd6 14. a3 b4 15. axb4
Bxe2 16. Rfe1 Bxf3 17. gxf3 Bc7 18. Re5 Nbd7 19. Bxf6 Rxf6 20. Rae1 Nxe5 21.
dxe5 Qxe5 22. Rxe5 Bxe5 23. Kg2 Raf8 0-1

[Event "AUTO-ADV-3244"]
[Site "http://www.queenalice.com/game.php?id=1309540"]
[Date "2014.9.21"]
[Round "1"]
[White "Eggchaser"]
[Black "voodoozebra"]
[Result "1-0"]
[WhiteElo "1839"]
[BlackElo "1719"]

1. b4 d5 2. Bb2 Bf5 3. e3 e6 4. Nf3 Nf6 5. b5 Bc5 6. d3 O-O 7. Be2 Nbd7 8. O-O
c6 9. a4 Qc7 10. Nbd2 Qa5 11. Nb3 Qb4 12. h3 Be7 13. Ba3 Qxa4 14. Bxe7 Qxb5 15.
Bxf8 Rxf8 16. Nbd4 Qc5 17. Nxf5 exf5 18. Qd2 Ra8 19. Rfb1 b5 20. c4 bxc4 21.
dxc4 dxc4 22. Qd4 Qxd4 23. Nxd4 Ne4 24. Nxc6 c3 25. Ne7+ Kf8 26. Nxf5 Ndc5 27.
Rxa7 Re8 28. Bc4 Ng5 29. h4 Nge6 30. Nd6 1-0

[Event "AUTO-ADV-3244"]
[Site "http://www.queenalice.com/game.php?id=1309541"]
[Date "2014.9.21"]
[Round "1"]
[White "voodoozebra"]
[Black "Eggchaser"]
[Result "1-0"]
[WhiteElo "1757"]
[BlackElo "1927"]

1. e4 e5 2. Nf3 Nc6 3. Bc4 Nf6 4. d3 h6 5. Nc3 Be7 6. O-O d6 7. h3 O-O 8. Nd5
Nxd5 9. Bxd5 Nb4 10. Bb3 Bd7 11. Bd2 Nc6 12. a3 Be6 13. Bxe6 fxe6 14. c4 Nd4 15.
Nxd4 exd4 16. Qg4 Rf6 17. b4 e5 18. f4 exf4 19. Rxf4 Rxf4 20. Bxf4 1-0

[Event "AUTO-ADV-3244"]
[Site "http://www.queenalice.com/game.php?id=1309558"]
[Date "2014.9.21"]
[Round "1"]
[White "voodoozebra"]
[Black "Mateuzao_99"]
[Result "0-1"]
[WhiteElo "1780"]
[BlackElo "1973"]

1. e4 Nf6 2. Nc3 e5 3. Bc4 Be7 4. Nf3 c6 5. Nxe5 Rf8 6. Qf3 d6 7. Nd3 Be6 8.
Bxe6 fxe6 9. Nf4 Qd7 10. d4 Na6 11. a3 c5 12. d5 e5 13. Nh5 O-O-O 14. Nxg7 Nxd5
15. Qh3 Qxh3 16. gxh3 Nxc3 17. Ne6 Nxe4 18. Nxf8 Bxf8 19. Rg1 Be7 20. Rg7 Re8
21. Rxh7 d5 22. h4 Nc7 23. Rh5 a6 24. Rxe5 Bxh4 25. Rxe8+ Nxe8 26. Bf4 Nxf2 27.
Ke2 Ne4 28. Ke3 Bf6 29. c3 N8d6 30. Bxd6 Nxd6 31. Rf1 d4+ 32. cxd4 Bxd4+ 33. Kd3
b6 34. b3 Kb7 35. a4 a5 0-1

[Event "AUTO-ADV-3244"]
[Site "http://www.queenalice.com/game.php?id=1309559"]
[Date "2014.9.21"]
[Round "1"]
[White "Mateuzao_99"]
[Black "voodoozebra"]
[Result "1-0"]
[WhiteElo "1855"]
[BlackElo "1770"]

1. e4 e6 2. Nf3 c5 3. d3 Nc6 4. Nc3 Be7 5. Be2 Qa5 6. Bd2 b5 7. O-O b4 8. Nb1
Nf6 9. Qc1 Bb7 10. Be3 O-O 11. Nbd2 Ng4 12. Nc4 1-0

[Event "AUTO-ADV-3244"]
[Site "http://www.queenalice.com/game.php?id=1309560"]
[Date "2014.9.21"]
[Round "1"]
[White "voodoozebra"]
[Black "chessnm"]
[Result "0-1"]
[WhiteElo "1738"]
[BlackElo "1657"]

1. e4 e5 2. Nf3 Nc6 3. Bb5 a6 4. Bxc6 dxc6 5. Nxe5 Qd4 6. Nf3 Qxe4+ 7. Qe2 Qxe2+
8. Kxe2 Bg4 9. Nc3 O-O-O 10. Re1 Re8+ 11. Kf1 Rxe1+ 12. Nxe1 Nf6 13. h3 Bh5 14.
d3 Bd6 15. Bg5 Nd5 0-1

[Event "AUTO-ADV-3244"]
[Site "http://www.queenalice.com/game.php?id=1309561"]
[Date "2014.9.21"]
[Round "1"]
[White "chessnm"]
[Black "voodoozebra"]
[Result "1-0"]
[WhiteElo "1636"]
[BlackElo "1759"]

1. d4 d5 2. Nf3 Nc6 3. Nc3 Bg4 4. e3 e6 5. b3 Bb4 6. Bb2 Bxf3 7. Qxf3 Nf6 8.
O-O-O Bxc3 9. Bxc3 O-O 10. Bd3 g6 11. h4 h5 12. e4 dxe4 13. Bxe4 Nxe4 14. Qxe4
1-0

[Event "AUTO-ADV-3349"]
[Site "http://www.queenalice.com/game.php?id=1339720"]
[Date "2015.2.6"]
[Round "1"]
[White "Gosiulkaa"]
[Black "voodoozebra"]
[Result "1-0"]
[WhiteElo "1942"]
[BlackElo "1708"]

1. e4 e6 2. Nf3 Bb4 3. Bc4 Nf6 4. e5 Ne4 5. O-O Ng5 6. d3 Nxf3+ 7. Qxf3 Nc6 8.
c3 Nxe5 9. Qg3 Bd6 10. Qxg7 Rf8 11. Bh6 Ng4 12. Qxg4 1-0

[Event "AUTO-ADV-3349"]
[Site "http://www.queenalice.com/game.php?id=1339721"]
[Date "2015.2.6"]
[Round "1"]
[White "voodoozebra"]
[Black "Gosiulkaa"]
[Result "0-1"]
[WhiteElo "1674"]
[BlackElo "1891"]

1. e4 e5 2. Nf3 Nc6 3. Bb5 d6 4. h3 Bd7 5. c3 Nf6 6. Bxc6 Bxc6 7. d3 h6 8. a4
Be7 9. O-O O-O 10. b4 a6 11. Be3 Qd7 12. Nbd2 b5 13. a5 Bb7 14. Nh4 c5 15. Nf5
cxb4 16. cxb4 d5 17. Nxe7+ Qxe7 18. Rb1 d4 19. Bxh6 gxh6 20. Nf3 Rac8 21. Nh4
Nh7 22. Nf5 Qg5 0-1

[Event "AUTO-ADV-3349"]
[Site "http://www.queenalice.com/game.php?id=1339736"]
[Date "2015.2.6"]
[Round "1"]
[White "eloy"]
[Black "voodoozebra"]
[Result "1-0"]
[WhiteElo "1758"]
[BlackElo "1687"]

1. e4 e5 2. Nf3 Nf6 3. Nc3 Bb4 4. Bc4 Bxc3 5. bxc3 Nc6 6. d3 d5 7. exd5 Nxd5 8.
O-O Nxc3 9. Qe1 Na4 10. Ng5 Be6 11. Nxe6 fxe6 12. Bxe6 Qf6 13. Bd5 O-O-O 14. Qe4
Nc3 15. Qg4+ 1-0

[Event "AUTO-ADV-3349"]
[Site "http://www.queenalice.com/game.php?id=1339737"]
[Date "2015.2.6"]
[Round "1"]
[White "voodoozebra"]
[Black "eloy"]
[Result "0-1"]
[WhiteElo "1701"]
[BlackElo "1744"]

1. e4 e5 2. Nf3 Nc6 3. Bb5 f6 4. c3 a6 5. Bxc6 bxc6 6. d4 d6 7. h3 Ne7 8. O-O
Ng6 9. Na3 Be7 10. Nc4 d5 11. exd5 cxd5 12. Ne3 a5 13. dxe5 fxe5 14. Nxd5 O-O
15. Nxe7+ Qxe7 0-1

[Event "AUTO-ADV-3349"]
[Site "http://www.queenalice.com/game.php?id=1339746"]
[Date "2015.2.6"]
[Round "1"]
[White "marreta7"]
[Black "voodoozebra"]
[Result "1-0"]
[WhiteElo "1611"]
[BlackElo "1667"]

1. e4 e6 2. Bc4 c6 3. a3 g6 4. d3 d5 5. exd5 cxd5 6. Ba2 Bc5 7. d4 Bb6 8. Nf3 f5
9. Nc3 Nc6 10. Bg5 Nge7 11. O-O h6 12. Bxe7 Qxe7 13. Re1 g5 14. h3 g4 15. hxg4
fxg4 16. Nd2 Nxd4 17. Nxd5 Qh4 18. Nxb6 axb6 19. Ne4 Nf5 20. Nd6+ Nxd6 21. Qxd6
Rf8 22. Bxe6 Qxf2+ 23. Kh2 g3+ 24. Kh3 Ra5 25. Bxc8+ 1-0

[Event "AUTO-ADV-3349"]
[Site "http://www.queenalice.com/game.php?id=1339747"]
[Date "2015.2.6"]
[Round "1"]
[White "voodoozebra"]
[Black "marreta7"]
[Result "1-0"]
[WhiteElo "1649"]
[BlackElo "1527"]

1. e4 e5 2. Nf3 Nc6 3. Bb5 Qf6 4. O-O a6 5. Bxc6 dxc6 6. d4 exd4 7. Bg5 Qd6 8.
e5 Qe6 9. Qxd4 h6 10. Bd2 Qf5 11. Qc3 Ne7 12. Re1 Be6 13. Na3 Nd5 14. Nd4 Nxc3
15. Nxf5 Nxa2 16. b3 Bxf5 17. Rxa2 Bxa3 18. Rxa3 Bxc2 19. e6 f6 20. Bf4 Rc8 21.
Re2 Bf5 22. b4 Rd8 23. Ra1 Ke7 24. Bxc7 Rd4 25. Ba5 Bxe6 26. Rae1 Rd6 27. f4 f5
28. Bc7 Rd7 29. Rxe6+ Kf7 30. Bb6 g5 31. fxg5 hxg5 32. R6e2 g4 33. Rf1 Kg6 34.
Rf4 Kg5 35. Be3 Rd1+ 36. Rf1+ Kf6 37. Rxd1 b5 38. Bd4+ Kf7 39. Bxh8 f4 40. Rd6
f3 41. Ree6 1-0